| 000 | 01294cam a2200325 a 4500 | ||
|---|---|---|---|
| 001 | 14326694 | ||
| 003 | OSt | ||
| 005 | 20230530134042.0 | ||
| 008 | 060403s2004 mau b 000 0 eng d | ||
| 010 | _a 2006295911 | ||
| 020 | _a0312417594 | ||
| 035 | _a(OCoLC)ocm63910447 | ||
| 040 |
_aVRA _cVRA _dVRA _dBAKER _dDLC |
||
| 042 | _alccopycat | ||
| 050 | 0 | 0 | _aHM736.O53 |
| 082 | 0 | 0 |
_a302.3 _222 |
| 100 | 1 |
_aO'Hair, Dan. _91465 |
|
| 245 | 1 | 4 |
_aThe essential guide to group communication. / _cDan O'Hair, Mary O. Wiemann. |
| 260 |
_aBoston : _bBedford/St. Martin's, _c2004. |
||
| 300 |
_aix, 81 p. ; _c24 cm. |
||
| 500 | _aComplement to: Essential guide to interpersonal communication. | ||
| 504 | _aIncludes bibliographical references (p. 78-81). | ||
| 505 | 1 | _aFoundations of communicating in small groups and teams -- Participating in small group communication -- Leadership and decision making in groups and teams -- Communicating in organizations. | |
| 650 | 0 |
_aCommunication in small groups. _91522 |
|
| 650 | 0 |
_aCommunication in organizations. _9686 |
|
| 700 | 1 |
_aWiemann, Mary O. _91523 |
|
| 906 |
_a7 _bcbc _ccopycat _d2 _encip _f20 _gy-gencatlg |
||
| 942 |
_2lcc _cBK |
||
| 999 |
_c9632 _d17132 |
||